Statystyki dla Polscy Raperzy

Kliknij tutaj aby rozwiązać quiz!

Ogólne statystyki

  • Ten quiz został rozwiązany 398 razy
  • Średni wynik to 56 z 154

Statystyki odpowiedzi

Najpupularniejszy kawałek Raper % poprawnych
Half Deadquebonafide
98%
UAreto
95%
05:05bedoes
94%
Język Ciałatymek
93%
Hinataszpaku
93%
Szamanpaluch
92%
30 KMHkali
90%
Californiawhite 2115
90%
Deszcz Na Betonietaco hemingway
89%
Wikingsarius
88%
Na Szczyciegrubson
87%
Wodospadypopek
87%
@chillwagon
87%
Mademoiselleblacha
86%
Robię Yeahmalik montana
86%
Księżniczkiżabson
86%
Plecakyoung multi
85%
Wyje Wyje Banetede
85%
Mówiłaśyoung igi
83%
Nie/Nieotsochodzi
82%
Gangesbiałas
80%
Hot Coffeeschafter
80%
Dementorfilipek
79%
Ninjaguzior
78%
Wyboryjan-rapowanie
76%
Jackiechanborixon
76%
Czempionkizo
76%
Meowbeteo
74%
Młoda Krewzbuku
73%
Uzależnionysmolasty
70%
Sicariosłoń
70%
Baligedz
70%
Chcemy Być Wyżejsokół
69%
Schodkimata
69%
Wyjebanekękę
69%
Outsidekartky
68%
Ostatni Snapsolar
67%
Tinder Loveplanbe
62%
Chcemy Być Wyzejsitek
60%
Moizdrajcy.comdeys
58%
Zbyt Wielekaen
57%
Surferbe vis
56%
Pozwól Mi Żyćpeja
56%
Perfektwac toja
56%
Bbzeamsone
56%
Polskie Miamijoda
52%
Chwile Ulotnepaktofonika
52%
Dla Prawdziwych Damgang albanii
51%
Żyć Aż Do Bóluchada
51%
Prawo Ponad Prawembezczel
48%
Ijo Ijolipa
48%
Niedopowiedzeniapezet
48%
Hipotermiazeus
47%
Mówiła Mibro
45%
Bor Crewkobik
45%
Mówiłaś Miostr
45%
Jeden Buziaktkm
43%
Jeszcze Będzie Hajcsobota
41%
Whoop?oki
41%
1 Momentk2
40%
Albinoskabe
38%
Stołykoza
36%
Zamknij Oczybuka
35%
Ławkabober
35%
Paznokciemałpa
34%
Wstyd mi, że jestem freestylowcemedzio
32%
Ready To Die?śliwa
31%
Mała Mikuban
30%
Sportowa Warszawabonus rpk
29%
To Jest Dioxdiox
28%
Normalnie O Tej Porzekaliber 44
28%
Mollyproblem
27%
Jedna Minutasulin
25%
Mary Maryhemp gru
24%
Dla Mnie Masz Stajlatrzeci wymiar
22%
Aniołsiles
22%
Nie Pytaj o Niąeldo
22%
Chcę Ci daćdonguralesko
22%
Slow Mowiatr
21%
Fejmrahim
20%
Do Następnegokaz bałagane
20%
Epitafiumavi
20%
Mam Plandixon 37
19%
Lolitkaszopeen
19%
Krzyżolszakumpel
19%
List Motywacyjnytau
19%
Nikt mi tego nie dał, nikt mi tego nie zabierzemłody m
18%
Byłą Chłodnasouth blunt system
17%
To Nic Nie Znaczyłona
17%
Jestem Chujemeripe
16%
A Możę By Tak?dwa sławy
15%
Wszystko Będzie Dobrzefokus
15%
Nigdy Więcejvnm
14%
Lecęmajor spz
13%
Nie Mamy Skrzydełmioush
13%
Studio Scena Łóżkoten typ mes
13%
Lepiej To Zostawpolska wersja
12%
Ich Już Nie Mabonson
12%
Radio 5G FMkajman
11%
Ile Mogę?tetris
11%
Nad Ranemmałolat
10%
KSSKteabe
10%
Ja Bym Oszalałonar
10%
Mandarynkikamil pivot
10%
Ty Należysz Do Mniesztoss
10%
3 Literyszesnasty
10%
Cały jaadm
10%
Tylko Tyhades
9%
Banicjabisz
9%
Rapowe Ziarnoabradab
9%
Przepis Na Sukcesanatom
9%
Czasem Jebnę Sobieleh
8%
Moja Autobiografialiroy
8%
Ta Nocpih
7%
Tak Miało Byćmolesta
7%
Romantyczna Miłośćvixen
7%
100 Naboioxon
7%
Versusmoli
7%
Ile Dnikaczor
7%
Senwwo
7%
Najlepsze Przed Namiwena
6%
Przytul Mniebajorson
6%
Silny Jak Nigdy Wkurwiony Jak Zwyklegruby mielzky
6%
Lubię Jak Tańczyszemes miligan
6%
Rynsztoklukasyno
6%
Nowe Skokifrosti rege
6%
Dowódpater
5%
Wampirytymin
5%
Chłopcy Idą Na Wojnęhukos
5%
Niżej Podpisaniwsrh
5%
Mhmkuba knap
5%
Mieli Być Tuhifi banda
4%
Musiszkasta
4%
Jazzvbs przyłu
4%
500 Eurobandura
4%
Wybuchowy Mixjongmen
4%
Na Zawszeyoung pit
3%
Od Zerapyskaty
3%
Przybywa Nam Latcira
3%
Gdyby Nie Tohuczuhucz
3%
Normalny Gość2sty
3%
Płonie Blokyoung jacob
2%
Kasaabel
2%
Robimy Hityrafi
2%
Tlenmam na imie aleksander
1%
Autobiografiarover
1%
Wstawajpmm
1%
Kiedy Wracam Do Domuwiktor z wwa
1%
Malinyfiłoń
1%
Phoenixcrusher
0%

Rozkład punktacji

Percentyl według liczby udzielonych odpowiedzi

Procent ludzi z każdym wynikiem

Twoja historia wyników

Nie rozwiązałeś tego quizu